00331nam a2200121 a 450000500170000000800410001702000180005805000260007624500380010226000320014030000100017244000270018220140412111405.0110408s19uu xx 00 eng d a0-07-571212-1 aTR(GS 372.4bD54 2002 aDiagnostic assessment levels K-3. aOhio :bMcgraw-hill,c2002. a247p. aSRA Open Court Reading